[Event "AUT-chT2W 1112"]
[Site "Austria"]
[Date "2011.10.09"]
[Round "3.6"]
[White "Jedinger, Andreas"]
[Black "Gerhold, Michael"]
[Result "1/2-1/2"]
[WhiteElo "2191"]
[BlackElo "2251"]
[PlyCount "60"]
[EventDate "2011.10.07"]
[EventType "team-tourn"]
[EventRounds "11"]
[EventCountry "AUT"]
[SourceTitle "CBM 144 Extra"]
[Source "ChessBase"]
[SourceDate "2011.10.28"]
[SourceVersion "1"]
[SourceVersionDate "2011.10.28"]
[SourceQuality "1"]
[WhiteTeam "Rum Rochade"]
[BlackTeam "Absam"]
[WhiteTeamCountry "AUT"]
[BlackTeamCountry "AUT"]

1. e4 e5 2. Nf3 Nc6 3. d4 exd4 4. Nxd4 Bb4+ 5. c3 Bc5 6. g3 d6 7. Bg2 Bd7 8. 0-0 Nf6 9. h3 0-0 10. Be3 Bb6 11. Nd2 Re8 12. Qc2 d5 13. exd5 Nxd4 14. Bxd4 Bxd4 15. cxd4 Bb5 16. Rfe1 Nxd5 17. Qc5 c6 18. Ne4 Re6 19. Nc3 Nxc3 20. bxc3 Qb6 21. Qb4 Rae8 22. Rxe6 Rxe6 23. a4 Bd3 24. Qxb6 axb6 25. Bf1 Be4 26. a5 bxa5 27. Rxa5 g6 28. f4 b5 29. Kf2 Bd5 30. Ra1 Re7 1/2-1/2

[Event "Ratten op 18th"]
[Site "Ratten"]
[Date "2011.06.05"]
[Round "5"]
[White "Reubel, Max"]
[Black "Gerhold, Michael"]
[Result "1/2-1/2"]
[WhiteElo "2068"]
[BlackElo "2259"]
[PlyCount "21"]
[EventDate "2011.06.02"]
[EventType "swiss"]
[EventRounds "5"]
[EventCountry "AUT"]
[SourceTitle "CBM 143 Extra"]
[Source "ChessBase"]
[SourceDate "2011.08.29"]
[SourceVersion "1"]
[SourceVersionDate "2011.08.29"]
[SourceQuality "1"]

1. e4 c5 2. Nf3 Nc6 3. Bb5 g6 4. Bxc6 dxc6 5. 0-0 Bg7 6. d3 Nf6 7. Nbd2 Nd7 8. Rb1 e5 9. Nc4 Qc7 10. b3 Nf8 11. Ncxe5 1/2-1/2